Modern applied psychology

Αποθηκεύτηκε σε:
Λεπτομέρειες βιβλιογραφικής εγγραφής
Κύριος συγγραφέας: Goldstein, Arnold P.
Άλλοι συγγραφείς: Krasner, Leonard 1924-
Μορφή: Βιβλίο
Γλώσσα:English
Δημοσίευση: New York : Pergamon , 1987
Σειρά:Pergamon general psychology series ; ; 145
Θέματα:
Ετικέτες: Προσθήκη ετικέτας
Δεν υπάρχουν, Καταχωρήστε ετικέτα πρώτοι!

MARC

LEADER 00000nam a2200000 i 4500
001 1/85685
008 960702s1987 eng d
020 |a 0-08-034500-X 
035 |a 1987  |c Αγορά  |l 10034759 
040 |a GR-MY-UA  |b gre  |e aacr 
041 0 |a eng 
082 0 |a 158 
100 1 |a Goldstein, Arnold P. 
245 1 0 |a Modern applied psychology /  |c Arnold P.Goldstein, Leonard Krasner 
260 |a New York :   |b Pergamon ,   |c 1987 
300 |a 286 p. 
490 1 |a Pergamon general psychology series  |v ; 145 
650 0 0 |a Psychology, Applied. 
700 1 |a Krasner, Leonard  |d 1924- 
830 0 |a Pergamon general psychology series ;  |v ; 145 
852 |a INST  |b RHODES  |e 19960702  |h 158 GOL  |p 005400004766  |q 005400004766  |t BK  |y 0 
909 |a Ρ  |b 007977  |c 1987